书目信息 |
| 题名: |
蚂蚁精神
|
|
| 作者: | 石山水 编著 | |
| 分册: | ||
| 出版信息: | 北京 中国民族摄影艺术出版社 2004.09 |
|
| 页数: | 232页 | |
| 开本: | 21cm | |
| 丛书名: | 智话寓言丛书 | |
| 单 册: | ||
| 中图分类: | B821-49 | |
| 科图分类: | ||
| 主题词: | 人生哲学--通俗读物 | |
| 电子资源: | ||
| ISBN: | 7-80069-600-6 | |
| 000 | 01038nam 2200253012450 | |
| 001 | 192004002083 | |
| 005 | 20070905094421.98 | |
| 010 | @a7-80069-600-6@dCNY18.00 | |
| 100 | @a20070601d2004 ekmy0chiy0121 ea | |
| 101 | 0 | @achi |
| 102 | @aCN@b110000 | |
| 105 | @aa z 000yy | |
| 200 | 1 | @a蚂蚁精神@Ama yi jing shen@e现代职场的七种成功法则@f石山水编著 |
| 210 | @a北京@c中国民族摄影艺术出版社@d2004.09 | |
| 215 | @a232页@c图@d21cm | |
| 225 | 2 | @a智话寓言丛书@Azhi hua yu yan cong shu |
| 330 | @a本书是智话寓言丛书中的一本,它利用寓言故事告诉我们人生哲理,像蚂蚁一样经营人生以积极的态度云打造成功之路。从某种意义上说,蚂蚁的身上体现出我们人类更为鲜明的优点,除了勤劳能干,团队意识,合作精神,专业精神,蚂蚁身上还体现出执著精神,勇敢精神,利他精神,敬业精神。 | |
| 410 | 0 | @12001 @a智话寓言丛书 |
| 517 | 1 | @a现代职场的七种成功法则@Axian dai zhi chang de qi zhong cheng gong fa ze |
| 606 | 0 | @a人生哲学@j通俗读物 |
| 690 | @aB821-49@v4 | |
| 701 | 0 | @a石山水@Adan shan shui@4编著 |
| 801 | 0 | @aCN@c20070905 |
| 905 | @dB821-49@eS5392 | |
| 蚂蚁精神:现代职场的七种成功法则/石山水编著.-北京:中国民族摄影艺术出版社,2004.09 |
| 232页:图;21cm.-(智话寓言丛书) |
| ISBN 7-80069-600-6:CNY18.00 |
| 本书是智话寓言丛书中的一本,它利用寓言故事告诉我们人生哲理,像蚂蚁一样经营人生以积极的态度云打造成功之路。从某种意义上说,蚂蚁的身上体现出我们人类更为鲜明的优点,除了勤劳能干,团队意识,合作精神,专业精神,蚂蚁身上还体现出执著精神,勇敢精神,利他精神,敬业精神。 |
| ● |
| 相关链接 |
|
|
|
正题名:蚂蚁精神
索取号:B821-49/S5392
 
预约/预借
| 序号 | 登录号 | 条形码 | 馆藏地/架位号 | 状态 | 备注 |
| 1 | 620729 | 206207291 | 社科库509/509社科库 26排3列4层/ [索取号:B821-49/S5392] | 在馆 | |
| 2 | 620730 | 206207308 | 社科库509/509社科库 26排3列4层/ [索取号:B821-49/S5392] | 在馆 | |
| 3 | 620731 | 206207317 | 社科库509/509社科库 26排3列4层/ [索取号:B821-49/S5392] | 在馆 |